000 00601nam a2200193 a 4500
001 000043287
005 20201002040806.0
008 140304s1996 sp 001 0 spa d
020 _a8433905376
040 _aDO-SdBNP
_bspa
_cBNPHU
100 1 _aSaid, Edward W.
_970908
240 1 0 _aCulture and imperialism
245 1 0 _aCultura e imperialismo. /
_cEdward W. Said; traducción Nora Catelli.
260 _aBarcelona, :
_bAnagrama,
_c1996.
300 _a542 p. ;
_c22 cm.
500 _aIncluye notas a pie de página
500 _aIncluye índice analítico
700 1 _aCatelli, Nora
_etrad.
_970909
999 _c42776
_d42776